| 000 | 00758nam a2200241 a 4500 | ||
|---|---|---|---|
| 005 | 20220603063452.0 | ||
| 008 | 170615s1994 mx r 000 0 spa d | ||
| 020 | _a9687155612 | ||
| 035 | _aUPN01000218778 | ||
| 049 | _aCG | ||
| 050 | 4 |
_aPQ7298.31 R7.8 _bL8.9 |
|
| 100 | 1 |
_aUrtusástegui, Tomás, _d1933- _940525 |
|
| 245 | 1 | 0 |
_aLuz del día ; _bHoy estreno ; Honras fúnebres / _cUrtusástegui. |
| 260 |
_aCiudad de México : _bDDF, Secretaría General de Desarrollo Social : _bGaceta, _c1994. |
||
| 300 | _a195 p. | ||
| 440 | 0 |
_aEscenología/drama ; _v12 |
|
| 650 | 2 |
_aTeatro mexicano _910342 |
|
| 650 | 4 |
_aTEATRO - _vARGUMENTOS, TRAMAS, ETC. _913666 |
|
| 740 | 0 | _aHoy estreno | |
| 740 | 0 | _aHonras fúnebres | |
| 905 | _aLibro | ||
| 999 |
_c190878 _d190878 |
||